| 000 | 00636nam a22002057a 4500 | ||
|---|---|---|---|
| 003 | OSt | ||
| 005 | 20160816173403.0 | ||
| 008 | 160816b xxu||||| |||| 00| 0 eng d | ||
| 020 | _a1-891936-96-4 | ||
| 040 | _cLIC | ||
| 082 |
_22006 _aDC 361.74092 _bSe4s |
||
| 100 |
_912881 _aSato, Seizaburo _d1932- |
||
| 245 |
_aSasakawa Ryoichi: _bA life/ _cSato Seizaburo with Hara Fujiko, translator |
||
| 260 |
_aUSA: _bEastBridge, _cc2006. |
||
| 300 |
_axviii, 241 pages; _c23 cm. |
||
| 650 | 0 |
_912882 _aSasakawa, Ryoichi, 1899 |
|
| 650 | 0 |
_912883 _aPhilanthropists _zJapan _vBiography |
|
| 700 |
_912884 _aFujiko, Hara _etranslator |
||
| 942 |
_2ddc _cDC |
||
| 999 |
_c3870 _d3870 |
||